Annual Companies Handbook : Volume 20 Book 2

Bibliographic Details
Format: Book
Language:English
Published: Kuala Lumpur : Kuala Lumpur Stock Exchange : 1995
Subjects:

MARC

LEADER 00000cam a2200000 7i4500
001 0000098929
005 20121016.0
008 100526 eng
020 |a 01272462 
090 0 0 |a 338.1 SER 
245 1 0 |a Annual Companies Handbook :   |b Volume 20 Book 2 
260 |a Kuala Lumpur :   |b Kuala Lumpur Stock Exchange :   |b 1995 
300 |a xxxi,560p ;   |c 22cm. 
650 0 0 |a Invesment 
999 |a 0000408704   |b Buku   |c Rujukan   |e Perbadanan Perpustakaan Awam Melaka 
999 |a 26724   |b Buku   |c Rujukan   |e Perpustakaan Cawangan Masjid Tanah